Guess the 5 Seconds of Summer song with no hints #12 5SOS - Statistics

General Stats
  • This quiz has been taken 71 times
  • The average score is 124 of 220
Answer Stats
Answer % Correct
I
100%
you
98%
a
96%
and
87%
And
87%
be
87%
me
87%
(Me)
87%
the
87%
we
87%
it
81%
to
81%
in
79%
my
77%
No
75%
Who
75%
of
73%
You're
73%
go
71%
just
71%
It's
69%
it's
69%
that
65%
win
65%
been
63%
this
63%
on
62%
Oh
60%
out
60%
But
58%
now
58%
Cause
56%
I've
56%
never
56%
get
52%
mind,
50%
one
50%
wanna
50%
more
48%
take
48%
back
46%
Back
46%
bit
46%
guy
46%
let
46%
over
46%
best
44%
even
44%
little
44%
two
44%
Had
42%
Let's
42%
limit
42%
start
42%
make
40%
years
40%
prize
38%
thousand
38%
times
38%
up
38%
almost
37%
seen
37%
used
37%
day
35%
doesn't
35%
Haven't
35%
high
35%
Well,
35%
chase
33%
having
33%
couldn't
31%
school,
31%
taste
31%
heel
29%
Red
29%
slow
29%
waitin'
29%
downtown
27%
lipstick
27%
ends
25%
job
25%
line,
25%
stilettos
25%
plans
23%
working
23%
Called
21%
split
21%
meet
19%
servo
19%
No matching quizzes found
Score Distribution
Percent of People with Each Score
Percentile by Number Answered
Your Score History
You have not taken this quiz